000 00302nam a22001337a 4500
008 181102b xxu||||| |||| 00| 0 eng d
020 _a9780070407237
041 _aeng
080 _a701
100 _a45
101 _aART
245 _aThe Humanities through the Arts
_cMartin, F.D
942 _2udc
_cBK
999 _c51683
_d51683